Sports Quiz

Random Sports or Basketball Quiz

NBA All-Defensive Teams Quiz Stats

 Plays Quiz Updated Oct 31, 2018

Score 0/262 Timer 16:00
10 Plays Today
Year Player % Correct
1987–88Michael Jordan
95.4%
1988–89Michael Jordan
95.4%
1989–90Michael Jordan
95.4%
1990–91Michael Jordan
95.4%
1991–92Michael Jordan
95.4%
1992–93Michael Jordan
95.4%
1995–96Michael Jordan
95.4%
1996–97Michael Jordan
95.4%
1997–98Michael Jordan
95.4%
2014-15DeAndre Jordan
95.1%
2015-16DeAndre Jordan
94.6%
1999–00Kobe Bryant
93.8%
2002–03Kobe Bryant
93.8%
2003–04Kobe Bryant
93.8%
2005–06Kobe Bryant (tie)
93.8%
2006–07Kobe Bryant
93.8%
2007–08Kobe Bryant
93.8%
2008–09Kobe Bryant
93.8%
2008–09LeBron James
93.7%
2009-10LeBron James
93.4%
2010-11LeBron James
93.4%
2011-12LeBron James
93.3%
2012-13LeBron James
92.8%
1999–00Kevin Garnett
92.4%
2000–01Kevin Garnett
92.4%
2001–02Kevin Garnett
92.4%
2002–03Kevin Garnett
92.4%
2003–04Kevin Garnett
92.4%
2004–05Kevin Garnett
92.4%
2007–08Kevin Garnett
92.4%
2008–09Kevin Garnett
92.4%
1998–99Tim Duncan
91.9%
1999–00Tim Duncan
91.9%
2000–01Tim Duncan
91.9%
2001–02Tim Duncan
91.9%
2002–03Tim Duncan
91.9%
2004–05Tim Duncan
91.9%
2006–07Tim Duncan
91.9%
2007–08Tim Duncan
91.9%
2009-10Kobe Bryant
91.5%
2010-11Kobe Bryant
91.5%
2017-18Anthony Davis
91.4%
2018-19Paul George
90.5%
2008–09Dwight Howard
90.4%
2010-11Kevin Garnett
90.3%
2015-16Draymond Green
90.2%
2016-17Draymond Green
89.9%
2009-10Dwight Howard
89.6%
2010-11Dwight Howard
89.6%
2011-12Dwight Howard
89.2%
2012-13Chris Paul
89.1%
2014-15Draymond Green
89.1%
2011-12Chris Paul
89%
2013-14Chris Paul
88.8%
2015-16Kawhi Leonard
88.6%
2014-15Chris Paul
88.2%
2018-19Rudy Gobert
88.1%
2016-17Kawhi Leonard
87.9%
2014-15Kawhi Leonard
87.8%
2015-16Chris Paul
87.7%
2008–09Chris Paul
87.5%
2016-17Chris Paul
86.5%
1991–92Scottie Pippen
86.4%
1992–93Scottie Pippen
86.4%
1993–94Scottie Pippen
86.4%
1994–95Scottie Pippen
86.4%
1995–96Scottie Pippen
86.4%
1996–97Scottie Pippen
86.4%
1997–98Scottie Pippen
86.4%
1998–99Scottie Pippen (tie)
86.4%
2017-18Rudy Gobert
85.7%
1996–97Karl Malone
85.4%
1997–98Karl Malone
85.4%
1998–99Karl Malone (tie)
85.4%
2001–02Ben Wallace
85.4%
2002–03Ben Wallace
85.4%
2003–04Ben Wallace
85.4%
2004–05Ben Wallace
85.4%
2005–06Ben Wallace
85.4%
1982–83Moses Malone
85.1%
1990–91David Robinson
84.1%
2018-19Giannis Antetokounmpo
84.1%
1991–92David Robinson
84.1%
1994–95David Robinson
84.1%
1995–96David Robinson
84.1%
1978–79Dennis Johnson
83.8%
1979–80Dennis Johnson
83.8%
1981–82Dennis Johnson
83.8%
Year Player % Correct
1986–87Dennis Johnson
83.8%
1980–81Dennis Johnson
83.8%
1982–83Dennis Johnson (tie)
83.8%
1969–70Gus Johnson
83.6%
1970–71Gus Johnson
83.6%
2009-10Gerald Wallace
83.3%
2012-13Joakim Noah (tie)
82.7%
1988–89Dennis Rodman
82.3%
1989–90Dennis Rodman
82.3%
1990–91Dennis Rodman
82.3%
1991–92Dennis Rodman
82.3%
1992–93Dennis Rodman
82.3%
1994–95Dennis Rodman
82.3%
1995–96Dennis Rodman
82.3%
2013-14Joakim Noah
82.2%
2016-17Rudy Gobert
81.2%
1986–87Hakeem Olajuwon
79.4%
1987–88Hakeem Olajuwon
79.4%
1989–90Hakeem Olajuwon
79.4%
1992–93Hakeem Olajuwon
79.4%
1993–94Hakeem Olajuwon
79.4%
2013-14Paul George
79.4%
2009-10Rajon Rondo
79%
2010-11Rajon Rondo
79%
1993–94Gary Payton
78.8%
1994–95Gary Payton
78.8%
1995–96Gary Payton
78.8%
1996–97Gary Payton
78.8%
1997–98Gary Payton
78.8%
1998–99Gary Payton
78.8%
1999–00Gary Payton
78.8%
2000–01Gary Payton
78.8%
2001–02Gary Payton
78.8%
1973–74Kareem Abdul-Jabbar
76.8%
1974–75Kareem Abdul-Jabbar
76.8%
1978–79Kareem Abdul-Jabbar
76.8%
1979–80Kareem Abdul-Jabbar
76.8%
1980–81Kareem Abdul-Jabbar
76.8%
1998–99Jason Kidd
76.7%
2000–01Jason Kidd
76.7%
2001–02Jason Kidd
76.7%
2005–06Jason Kidd (tie)
76.7%
2012-13Serge Ibaka
76.6%
2012-13Tony Allen
76.5%
2011-12Serge Ibaka
76.3%
2017-18Victor Oladipo
75.9%
2011-12Tony Allen
75.6%
2013-14Serge Ibaka
75.3%
2014-15Tony Allen
75.2%
2018-19Marcus Smart
75.2%
1968–69Bill Russell
74.1%
1971–72Wilt Chamberlain
73.9%
1972–73Wilt Chamberlain
73.9%
2017-18Jrue Holiday
73%
2018-19Eric Bledsoe
72.7%
2003–04Bruce Bowen
70.5%
2004–05Bruce Bowen
70.5%
2005–06Bruce Bowen
70.5%
2006–07Bruce Bowen
70.5%
2007–08Bruce Bowen
70.5%
1969–70Jerry West
69.5%
1970–71Jerry West
69.5%
1971–72Jerry West
69.5%
1972–73Jerry West
69.5%
1996–97Dikembe Mutombo
66.7%
1997–98Dikembe Mutombo
66.7%
2000–01Dikembe Mutombo
66.7%
1998–99Alonzo Mourning
66.4%
1999–00Alonzo Mourning
66.4%
2012-13Tyson Chandler (tie)
66.2%
1985–86Kevin McHale
61.2%
1986–87Kevin McHale
61.2%
1987–88Kevin McHale
61.2%
2003–04Ron Artest
61%
2005–06Ron Artest
61%
1988–89Joe Dumars
59.7%
1989–90Joe Dumars
59.7%
1992–93Joe Dumars
59.7%
1991–92Joe Dumars
59.7%
2015-16Avery Bradley
59.7%
2013-14Andre Iguodala
56.1%
2017-18Robert Covington
55.6%
2006–07Marcus Camby
55.2%
2007–08Marcus Camby
55.2%
1976–77Bill Walton
53.9%
1977–78Bill Walton
53.9%
1969–70Willis Reed
51.8%
1986–87Alvin Robertson
50.8%
Year Player % Correct
1990–91Alvin Robertson
50.8%
1971–72John Havlicek
50.7%
1972–73John Havlicek
50.7%
1973–74John Havlicek
50.7%
1974–75John Havlicek
50.7%
1975–76John Havlicek
50.7%
1971–72Walt Frazier (tie)
49.1%
1973–74Walt Frazier (tie)
49.1%
1968–69Walt Frazier
49.1%
1969–70Walt Frazier
49.1%
1970–71Walt Frazier
49.1%
1972–73Walt Frazier
49.1%
1974–75Walt Frazier
49.1%
1989–90Buck Williams
48.8%
1990–91Buck Williams
48.8%
1976–77Bobby Jones
48.2%
1977–78Bobby Jones
48.2%
1978–79Bobby Jones
48.2%
1979–80Bobby Jones
48.2%
1981–82Bobby Jones
48.2%
1982–83Bobby Jones
48.2%
1983–84Bobby Jones
48.2%
1980–81Bobby Jones
48.2%
1981–82Caldwell Jones
48.1%
1980–81Caldwell Jones
48.1%
2016-17Patrick Beverley
47.7%
2005–06Andrei Kirilenko
47.2%
1981–82Michael Cooper
38%
1983–84Michael Cooper
38%
1984–85Michael Cooper
38%
1986–87Michael Cooper
38%
1987–88Michael Cooper
38%
2006–07Raja Bell
37.5%
1993–94Charles Oakley
35.9%
1984–85Mark Eaton
35.5%
1985–86Mark Eaton
35.5%
1988–89Mark Eaton
35.5%
1982–83Maurice Cheeks (tie)
34.9%
1983–84Maurice Cheeks
34.9%
1984–85Maurice Cheeks
34.9%
1985–86Maurice Cheeks
34.9%
2002–03Doug Christie
33.4%
1975–76Dave Cowens
30.7%
1982–83Sidney Moncrief
27.9%
1983–84Sidney Moncrief
27.9%
1984–85Sidney Moncrief
27.9%
1985–86Sidney Moncrief
27.9%
1993–94Mookie Blaylock
25.8%
1994–95Mookie Blaylock
25.8%
1968–69Dave DeBusschere
25.3%
1969–70Dave DeBusschere
25.3%
1970–71Dave DeBusschere
25.3%
1971–72Dave DeBusschere
25.3%
1972–73Dave DeBusschere
25.3%
1973–74Dave DeBusschere
25.3%
1968–69Jerry Sloan
22.4%
1971–72Jerry Sloan (tie)
22.4%
1973–74Jerry Sloan (tie)
22.4%
1974–75Jerry Sloan
22.4%
1988–89Larry Nance
22.2%
1977–78Maurice Lucas
20.7%
2004–05Larry Hughes
19.3%
1968–69Nate Thurmond
18.2%
1970–71Nate Thurmond
18.2%
1979–80Micheal Ray Richardson (tie)
17%
1980–81Micheal Ray Richardson
17%
1983–84Tree Rollins
14.8%
1974–75Paul Silas
11.7%
1975–76Paul Silas
11.7%
1973–74Norm Van Lier
11.6%
1975–76Norm Van Lier
11.6%
1976–77Norm Van Lier
11.6%
1984–85Paul Pressey
9.7%
1985–86Paul Pressey
9.7%
1978–79Bob Dandridge
8.9%
1979–80Dan Roundfield
7.2%
1981–82Dan Roundfield
7.2%
1982–83Dan Roundfield
7.2%
1977–78Lionel Hollins
7.1%
1976–77E.C. Coleman
6.5%
1976–77Don Buse
6%
1977–78Don Buse
6%
1978–79Don Buse
6%
1979–80Don Buse (tie)
6%
1987–88Rodney McCray
5.8%
1975–76Slick Watts
5.2%

You're not logged in!

Compare scores with friends on all Sporcle quizzes.
OR
Log In

Show Comments

Extras

Top Quizzes Today


Score Distribution

Your Account Isn't Verified!

In order to create a playlist on Sporcle, you need to verify the email address you used during registration. Go to your Sporcle Settings to finish the process.

Report this User

Report this user for behavior that violates our Community Guidelines.

Details: